000 00677nam a2200181 a 4500
008 120416s1973 ||||||||||||||||| || u
050 _aHC 497.H6 Gei
100 _aGeiger, Theodore
245 1 0 _aTales of two city-states
246 _athe development progress of Hongkong and Singapore
260 _a[Washington]
_bNational Planning Association
_c1973
300 _axii, 239p.
350 _a0.00
650 _aECONOMIC DEVELOPMENT--SINGAPORE
650 0 _aECONOMICS
650 _aECONOMIC DEVELOPMENT--HONGKONG
995 _D0.00
_FCBU-MAIN LIBRARY (Kitwe)
_H1
_I0.00
_M1
_UAVAILABLE
_ZAnnex Low-Usage Collection
999 _c59357
_d59357